LEADER 00967cam0-22003251i-450- 001 990002543710403321 005 20051114113527.0 035 $a000254371 035 $aFED01000254371 035 $a(Aleph)000254371FED01 035 $a000254371 100 $a20030910d1953----km-y0itay50------ba 101 0 $aita 102 $aIT 105 $ay--------001y 200 1 $aLezioni di matematica finanziaria$eelementi di calcolo delle probabilità e di matematica delle assicurazioni sulla vita$fLuigi Lordi 210 $aNapoli$cTreves$d1953 215 $a192 p.$d24 cm 610 0 $aMatematica attuariale 610 0 $aMatematica attuariale$aTeoria generale 676 $a519 700 1$aLordi,$bLuigi$0102520 801 0$aIT$bUNINA$gRICA$2UNIMARC 901 $aBK 912 $a990002543710403321 952 $aMV-A-68$b04542 c$fMAS 952 $aMV-A-67$b04542b$fMAS 959 $aMAS 996 $aLezioni di matematica finanziaria$9437647 997 $aUNINA LEADER 01333nam--2200397---450- 001 990003130140203316 005 20080718135715.0 035 $a000313014 035 $aUSA01000313014 035 $a(ALEPH)000313014USA01 035 $a000313014 100 $a20080718d2006----km-y0itay50------ba 101 $aita 102 $aIT 105 $a||||||||001yy 200 1 $aAutori di ragioneria a Palermo$eXVII-XVIII secolo$fa cura di Claudio Lipari 210 $aPalermo$cFacoltà di economia - Biblioteca centrale$dstampa 2006 215 $aXXII, 275 p.$cill.$d24 cm 225 2 $aAnnali della facoltà di economia, Università degli studi di Palermo$vNumero speciale, anno 2006, v. 1 300 $aContiene bibliografia 311 $aNumero speciale, anno 2006, v. 1 410 0$12001 454 1$12001 461 1$1001-------$12001$aAnnali della facoltà di economia, Università degli studi di Palermo 606 0 $aRagioneria$xStoria$yPalermo$zSec. 17.-18. 676 $a657.092 702 1$aLIPARI,$bClaudio 801 0$aIT$bsalbc$gISBD 912 $a990003130140203316 951 $aP07 916$bDISTRA 959 $aBK 969 $aDISTRA 979 $aDISTRA2$b90$c20080718$lUSA01$h1355 979 $aDISTRA2$b90$c20080718$lUSA01$h1357 996 $aAutori di ragioneria a Palermo$91017078 997 $aUNISA LEADER 02192nam 2200589 450 001 9910788780803321 005 20220825045337.0 010 $a0-8218-7609-0 035 $a(CKB)3240000000069549 035 $a(EBL)3112959 035 $a(SSID)ssj0000629262 035 $a(PQKBManifestationID)11393253 035 $a(PQKBTitleCode)TC0000629262 035 $a(PQKBWorkID)10718258 035 $a(PQKB)11693322 035 $a(MiAaPQ)EBC3112959 035 $a(RPAM)934343 035 $a(PPN)197103413 035 $a(EXLCZ)993240000000069549 100 $a19830913h19831983 uy| 0 101 0 $aeng 135 $aur|n|---||||| 181 $ctxt 182 $cc 183 $acr 200 10$aCentral extensions, Galois groups, and ideal class groups of number fields /$fA. Fro?hlich 210 1$aProvidence, Rhode Island :$cAmerican Mathematical Society,$d[1983] 210 4$d©1983 215 $a1 online resource (96 p.) 225 1 $aContemporary mathematics,$x0271-4132 ;$v24 300 $aDescription based upon print version of record. 311 $a0-8218-5022-9 320 $aIncludes bibliographical references. 327 $aTable of Contents -- 1. Background from Class Field Theory -- 2. The Genus Field and the Genus Group -- 3. Central Extensions -- 4. Maximal Quasi Central Extensions, Maximal L-Extensions and Maximal Class Two Extensions -- 5. More on Class Groups -- 6. Some Remarks on History and Literature -- Literature. 410 0$aContemporary mathematics (American Mathematical Society).$v24$x0271-4132 606 $aClass field theory 606 $aField extensions (Mathematics) 606 $aGalois theory 606 $aClass groups (Mathematics) 615 0$aClass field theory. 615 0$aField extensions (Mathematics) 615 0$aGalois theory. 615 0$aClass groups (Mathematics) 676 $a512/.3 700 $aFro?hlich$b A$g(Albrecht),$f1916-$055747 801 0$bMiAaPQ 801 1$bMiAaPQ 801 2$bMiAaPQ 906 $aBOOK 912 $a9910788780803321 996 $aCentral extensions, Galois groups, and ideal class groups of number fields$93699401 997 $aUNINA